Statistics for Event Severity Levels Quiz

Click here to take the quiz!

General Stats

  • This quiz has been taken 5 times
  • The average score is 10 of 34

Answer Stats

Answer% Correct
Chance Oddity
100%
Event
100%
Point of no return.
100%
Calamity
67%
Happenchance
67%
Occurence
67%
Oddity
67%
Standard
67%
Alert
33%
Anarchy
33%
Cataclysm
33%
Crisis
33%
Disaster
33%
Emergency
33%
Inconvenience
33%
Situation
33%
Tidings
33%
Tragedy
33%
Wainainaing
33%
Alimony
0%
Chance Notice
0%
Chance Occasion
0%
Circumstance
0%
Episode
0%
Incident
0%
Juncture
0%
Occasion
0%
Offense
0%
Pandemonium
0%
Peculiarity
0%
Phenomenon
0%
Termoil
0%
Threat
0%
Urgency
0%

Score Distribution

Percentile by Number Answered

Percent of People with Each Score

Your Score History

You have not taken this quiz